000 00936nas a2200253Ia 4500
001 R412/38427
003 IT-RoPAU
008 151124c99999999xx |||||||||||| ||und||
040 _aIT-RoPAU
040 _cIT-RoPAU
041 _aITALIANO
100 _aRodriguez Alberto
_gCodice Aut. SPICS: 17101
210 _aMUSICA JAZZ
222 _aMusica Jazz
245 _aMUSICA JAZZ (ANNO 38-N.01)-GENNAIO 1982
_bJohn Coltrane: Il Poetico Approdo Nel Misticismo
250 _a1a ed.
260 _aMILANO
_bMUSICA JAZZ
_c1982
501 _bPaulus - SPICS - Società San Paolo EM (non-commercial uses only)
_cCopyright2015
300 _a7 p. [22-28]
362 _aANNO 038, N.01)-GENNAIO 1982
500 _aTerza Parte del Profilo del Sassofonista Maericano Relativa All'Ultimo Disco Pubblicato. Passaggio Alla New Thing. Discografia Essenziale. Collaborazioni con Altri.
650 _aMUSICA
_vPUBBLICAZIONE PERIODICA
942 _cCR
999 _c163661
_d163661